Statistics for Most popular animes (May 2017)

Click here to take the quiz!

General Stats

  • This quiz has been taken 116 times
    (112 since last reset)
  • The average score is 50 of 125

Answer Stats

Rank Animes % Correct
27Naruto Shippuuden
92%
8Naruto
92%
1Death Note
91%
104Shingeki no kyojin season 2
89%
2Shingeki no Kyojin
89%
32One Piece
82%
111K
81%
15Bleach
78%
18Fairy Tail
77%
47Tokyo Ghoul Root A
76%
10Tokyo Ghoul
76%
17FullMetal Alchemist
76%
98Dragon Ball
74%
63Dragon Ball Z
74%
3Sword Art Online
73%
22Sword Art Online II
73%
9Mirai Nikki
73%
71Boku no hero academia
70%
6Code Geass
69%
14One Punch Man
69%
20Code Geass R2
69%
41Hunter x Hunter (2011)
65%
99Haikyuu
64%
62K-on
62%
76Ansatsu Kyoushitsu
61%
51Kuroshitsuji
58%
23Clannad
58%
44Clannad After Story
58%
12No Game No Life
58%
33Cowboy Bebop
58%
24Durarara
57%
5Angel Beats
57%
83Gintama
57%
40Neon Genesis Evangelion
55%
16Ao no exorcist
55%
7Steins;Gate
54%
42Shigatsu wa Kimi no Uso
53%
55Highschool DxD
51%
53Death Parade
51%
26Another
51%
31Akame ga kill
50%
30Kill la kill
50%
79Kuroko no Basket
50%
19Soul Eater
50%
11Toradora
50%
84Noragami Aragoto
50%
25Noragami
50%
50Re:Zero kara Hajimeru Isekai Seikatsu
47%
61Shokugeki no Souma
47%
28Highschool of the dead
47%
65Nanatsu no Taizai
47%
4FullMetal Alchemist Brotherhood
46%
54Ouran koukou Host Club
46%
92Magi: The labyrinth of magic
46%
21Tengan Toppa Gurren Lagann
43%
38Guilty Crown
43%
13Elfen Lied
43%
78Fate/Zero 2nd season
42%
37Fate/Zero
42%
46Boku dake ga inai machi
41%
45Kiseijuu
41%
88Black Lagoon
39%
85Owari no Seraph
39%
29Psycho-Pass
39%
59Samurai Champloo
36%
57Log Horizon
36%
115Lucky Star
36%
66Fate/stay Night
36%
122Fate/Stay Night Unlimited Blade Works
36%
93Black Bullet
35%
43Deadman Wonderland
35%
86Btooom
35%
36Anohana
35%
35Bakemonogatari
35%
70Baccano
34%
64Hyouka
34%
58Kaichou wa maid-sama
32%
87Kimi no na wa
32%
107Hellsing Ultimate
30%
91Kono Subarashii Sekai ni Shukufuku wo
30%
105Hellsing
30%
96Accel World
28%
73Nisekoi
27%
39Mahou Shoujo Madoka Magica
27%
77Higurashi no naku koro ni
26%
103Date a live
24%
100Claymore
24%
48Darker than Black
24%
72Zankyou no Terror
24%
81Charlotte
24%
34Sen to Chihiro no Kamikakushi
24%
106Danganronpa: Kibou no Gakuen to Zetsubou no Koukousei The Animation
23%
110Mushishi
23%
94D.Gray-man
22%
52Suzumiya Haruhi no Yuuutsu
22%
80Zero no Tsukaima
16%
75Mononoke Hime
16%
69Yahari Ore no Seishun Love Comedy wa Machigatteiru
15%
49Hataraku Maou-sama
14%
82Howl no Ugoku Shiro
14%
124Tonari no Totoro
14%
89Ookami no Koushinryou
12%
68Dungeon ni Deai wo Motomeru no wa Machigatteiru Darou ka
12%
121Shakugan no Shana
12%
108FLCL
12%
112Mahouka Koukou no Rettousei
12%
120NHK ni Youkoso
11%
67Kyoukai no Kanata
11%
102Toaru majutsu no index
11%
123Golden Time
9%
125Kami nomi zo Shiru Sekai
9%
97Ore no Imouto ga Konnani Kawaii Wake ga Nai
9%
90Byousoku 5 Centimeter
9%
109Gekkan Shoujo Nozaki kun
8%
60Sakurasou no pet na kanojo
8%
101Kimi no Todoke
8%
116Rosario to vampire
7%
118Shinsekai Yori
7%
119Kokoro Connect
7%
56Chuunibyou demo koi ga shitai
5%
113Toki wo kakeru shoujo
4%
117Kore wa zombie desu ka?
4%
95Boku wa tomodachi ga sukunai
3%
74Tonari no Kaibutsu kun
3%
114Baka to Test to Shoukanjuu
1%

Score Distribution

Percentile by Number Answered

Percent of People with Each Score

Your Score History

You have not taken this quiz since the last reset